Daniel Delgoffe, architectes et Mycose Comix
Tallennettuna:
| Aineistotyyppi: | Kirja |
|---|---|
| Kieli: | ranska |
| Julkaistu: |
Lieja
Fourre-Tout Editions
2007
|
| Sarja: | Architexto, 4
|
| Aiheet: | |
| Tagit: |
Lisää tagi
Ei tageja, Lisää ensimmäinen tagi!
|
MARC
| LEADER | 00000nam a2200000 a 4500 | ||
|---|---|---|---|
| 001 | UCI7694 | ||
| 003 | CL-VaPUC | ||
| 008 | 080718e20070000BE |||||||||||||||||fre|d | ||
| 020 | |a 9782960047561 | ||
| 082 | 0 | 4 | |a 720.9493 |b DAN |2 21 |
| 245 | 1 | 0 | |a Daniel Delgoffe, architectes et Mycose Comix |
| 246 | 1 | 0 | |a Daniel Delgoffe, architects and Mycose, Factory: the book |
| 300 | |a 191 p | ||
| 942 | |c BK | ||
| 945 | |d 20080718 00:00:00 |a jtorresc | ||
| 260 | |a Lieja |b Fourre-Tout Editions |c 2007 | ||
| 650 | 0 | |a Arquitectura |9 804558 | |
| 650 | 7 | |a DISEÑO Y PLANOS |2 CL-VaPUC |9 268193 | |
| 650 | 0 | |a Exposiciones |9 265884 | |
| 651 | 7 | |a BELGICA |2 CL-VaPUC |9 315122 | |
| 583 | |a last modification |c 20080718 00:00:00 |k Rodrigo Vera | ||
| 490 | 0 | |a Architexto, 4 | |
| 999 | |c 330879 |d 330877 | ||
| 952 | |0 0 |1 0 |4 0 |6 720_949300000000000_DAN_2007 |7 0 |8 A |9 416792 |a BIBARQ |b BIBARQ |d 2019-11-22 |i 4458036 |o 720.9493 DAN 2007 |p 4458036 |r 2025-01-20 |w 2019-11-22 |y BK |k ARQ | ||